000
00280nam a2200121Ia 4500
008
190216s9999||||xx |||||||||||||| ||und||
100
_a
Lokanathan V
245
0
_a
History Of Economic Thought
260
_b
S Chand & Co
_c
1992
300
_a
383p
650
_a
Economics
942
_c
BK
999
_c
9918
_d
9918